Countries by Partial Flag Images #9 - Statistics

General Stats
  • This quiz has been taken 844 times
  • The average score is 15 of 16
Answer Stats
Picture Answer % Correct
United Kingdom
100%
Somalia
96%
Ecuador
95%
Estonia
95%
Niger
94%
Azerbaijan
93%
Thailand
93%
Bahamas
92%
D.R. Congo
92%
El Salvador
90%
Kuwait
90%
Senegal
90%
Tajikistan
88%
Tonga
86%
Djibouti
85%
Nauru
78%
No matching quizzes found
Score Distribution
Percent of People with Each Score
Percentile by Number Answered
Your Score History
You have not taken this quiz